Quizzes
Events
Quiz Creation
Community
Videos
Private Events
Remove Ads
Sign In
Join for FREE
Feedback
Dark Mode
Quiz Categories
Sports
Geography
Music
Movies
Television
Just For Fun
Miscellaneous
History
Literature
Language
Science
Gaming
Entertainment
Religion
Holiday
For Kids
Quiz Lab
Recent
Popular Today
Quiz Kudos Today
Editor Picks
Curator Picks
Quizzes by...
Day
Popularity
Type
Ratings
Length
Year
Community
Subscriptions
Recent Discussions
Orange Saloon
Badges
Playlists
Quests
Create
Leaderboards
Showdown
Live 5
Trivia Bingo
Activity
Puzzle Library
Sporcle Events
Private Events
Virtual Trivia
Globe League
Become a Host
Pub Owners
SporcleCon
Opinionation
Our Games
Videos
Blog
Mobile Apps
Partnerships
Remove Ads and Go Orange
Feedback
Television
TV Characters
TV Show
Sitcom
Network
Friends
Reality Shows
Cast
South Park
Star Trek
The Simpsons
Doctor Who
Television
TV Characters
TV Show
Sitcom
Network
Friends
Reality Shows
Cast
South Park
Star Trek
The Simpsons
Doctor Who
Random Quiz
Search Sporcle
×
Quiz Lab
Quiz Lab
Television
Incarnation
Click on regions of an image
Click on regions of an image
Picture Click
Best Score? Go Orange.
Doctor Who: Click-A-Doctor Stats
Can you click the Doctor Who incarnations?
By
g_norm
2m
13 Questions
112 Plays
112 Plays
112 Plays
Comments
Comments
Give Quiz Kudos
Give Quiz Kudos
-
- Ratings
hide this ad
Forced Order
Answers have to be entered in order
Answers have to be entered in order
Replay
Link that replays current quiz
Next Quiz
Link to next quiz in quiz playlist
You Got
0%
They Got
Avg Score
87%
Avg Friend Score
Upgrade to see
Score Distribution
Jump to the score distribution portion of the page
Score
0/13
Timer
02:00
0
Plays Today
% Correct
Matt Smith
95.5%
John Hurt
94.6%
David Tennant
94.6%
William Hartnell
92.9%
Christopher Eccleston
92.9%
Peter Capaldi
89.3%
Patrick Troughton
88.4%
Tom Baker
88.4%
Jon Pertwee
79.5%
Sylvester McCoy
79.5%
Paul McGann
79.5%
Peter Davison
78.6%
Colin Baker
78.6%
Quiz Playlist
Details
Report
Send in Message
Add To Playlist
Picture Click:
Click on regions of an image
Forced Order:
Answers have to be entered in order
Last Updated: Feb 16, 2017
Quiz Scoreboard
CHALLENGE
Sign Up to Join the Scoreboard
Show All
Scores
Hide
Comments
May contain spoilers
Recently Published
Presidents Visiting Landmarks
by Hejman
History
7m
An Introduction to Baseball
by treessimontrees
Sports
5m
Movies - When Are They Set?
by FPL_Elf
Movies
5m
More to Explore
Quiz From the Vault
Featured Blog Post
Where Did the Easter Bunny Come From?
hide this ad
You Might Also Like...
Tags
doctor
Incarnation
Today's Top Quizzes in Television
Browse Television
hide this ad
Top Contributed Quizzes in Television
1
5-to-1: The Simpsons Families
2
One Piece Logic Puzzle
3
5-to-1: Television Doctors
4
7-to-1: TV Show Settings
5
5-to-1: Streaming Originals
6
Survivor Logic Puzzle: Heroes vs. Villains
7
Survivor Seasons
8
Survivor Season by Logo
9
One Thing in Common: Television
10
Survivor Trivia
Explore More
Trending Topics
Kpop
Harry Potter
Crossword
NBA
Anime
Disney
Marvel
The Office
WWE
Country
Pokémon
Song
Puzzle
Soccer
NFL
hide this ad
More By:
g_norm
Quiz
Plays
Rating
Category
Featured
Created
Click-A-Hanks
91,045
4.79
Movies
Jun 2, 2016
Click-A-Cruise
80,623
4.63
Movies
Jun 2, 2016
Click-A-DiCaprio
77,308
4.61
Movies
Oct 6, 2016
Click-A-Carrey
75,933
4.67
Movies
Jun 14, 2016
Who Was Top Billed?
70,531
4.58
Movies
Nov 1, 2016
Go to Creator's Profile
Score Distribution
Quiz Creator Spotlight
g_norm
Follow
Send a Message
Quizzes Created
-
Created Quiz Play Count
-
More By This Creator
Popular Quizzes Today
1
Find the US States - No Outlines Minefield
2
Find the Countries of Europe - No Outlines Minefield
3
The Countries of the World
4
Find the US States
5
Popular People in 1961
6
US States
7
Risky Map Clicking: Biggest States A-Z
8
Movies - When Are They Set?
More Television Quizzes
SpongeBob: 'MuscleBob BuffPants' Scenes in Order
Quiz Lab
Trending Quizzes
Risky Map Clicking: Least Populous States A-Z
1-10 Letter G Words
1-10 Letter F Words
Risky Map Clicking: Next State Alphabetically
Risky Map Clicking: Biggest States A-Z
Recently Updated
Leaping Animals
pecheneg
Reality TV Shows (A-Z)
bhenderson79
Rickey Henderson's Hall of Fame Teammates
pecheneg
Champions League XIs: Arsenal
pecheneg
Quick Pick: Celebrities in WWE's Hall of Fame
aduchscher
A-Z Keypad Blitz II
pecheneg
Multiple Oscar Actors
pecheneg
Mystery Phrase Blitz: Oscar 'Best Actors'
pecheneg
F. Scott Fitzgerald Novels
LTH
Pick 3 Villains
ddd62291
Trending Topics
Disney
Crossword
Anime
Kpop
Harry Potter
NBA
Marvel
The Office
WWE
Puzzle
Song
Pokémon
Country
NFL
Soccer
Your Account Isn't Verified!
In order to create a playlist on Sporcle, you need to verify the email address you used during registration. Go to your
Sporcle Settings
to finish the process.
Report this User
Report this user for behavior that violates our
Community Guidelines
.
Details:
Send Report
Go to the Sporcle.com Mobile Site →
Comments